| 000 | 01088nam a2200301 4500 | ||
|---|---|---|---|
| 003 | EC-UNACH | ||
| 005 | 20231003114348.0 | ||
| 006 | s||||gr|||| 00| 00 | ||
| 008 | 150116t9999 mx r gr 000 0 spa d | ||
| 040 |
_aEC-UNACH _cEC-UNACH |
||
| 041 | _aspa | ||
| 082 | 0 | 4 |
_223 _a551.468 _bL015295 |
| 100 |
_aArmada del Ecuador _dautor |
||
| 245 | _aEcuador y los intereses marítimos. | ||
| 250 | _aPrimera Edición | ||
| 264 |
_aQuito, Ecuador; _bEditora Argudo _c1998 |
||
| 300 |
_a188 páginas; _bilustraciones; _c21 cm. |
||
| 501 | _aIncluye: Prólogo e Índice de contenido. | ||
| 505 | _aLos componentes de los intereses marítimos en el contexto del poder marítimo. -- Los intereses marítimos en el Ecuador. -- Organismos e instituciones relacionadas con los intereses marítmos. -- La legislación marítima. | ||
| 650 | _aLEGISLACIÓN MARÍTIMA | ||
| 650 | _aINTERESES MARÍTIMOS | ||
| 650 | _aECUADOR | ||
| 942 |
_2ddc _c1 |
||
| 999 | _c11952 | ||